[Event "SR 3. liga A2 2012/2013"]
[Site "?"]
[Date "2013.02.10"]
[Round "8.1"]
[White "Klanica, Anton"]
[Black "Sadlon, Juraj"]
[Result "0-1"]
[WhiteElo "1853"]
[BlackElo "1804"]
[PlyCount "134"]
[EventDate "2012.??.??"]

1. e4 e5 2. Nf3 Nc6 3. Bb5 a6 4. Ba4 b5 5. Bb3 Nf6 6. d3 Be7 7. Bg5 d6 8. Bxf6
Bxf6 9. O-O Na5 10. Nbd2 Nxb3 11. Nxb3 c5 12. Qe1 Be6 13. Qe2 O-O 14. Rfc1 Qb6
15. Qe3 a5 16. Nbd2 Qc6 17. c4 h6 18. h3 Be7 19. g4 f6 20. Nh4 Kf7 21. Kh2 Rh8
22. Nf5 Bf8 23. Ng3 b4 24. a3 g6 25. axb4 axb4 26. Nb3 Bg7 27. Qe1 Ra4 28. Nf1
Rha8 29. Nfd2 Ra2 30. Rxa2 Rxa2 31. Ra1 Qa4 32. Rxa2 Qxa2 33. Qb1 Qxb1 34. Nxb1
f5 35. f3 fxe4 36. fxe4 Bd7 37. N3d2 Kf6 38. Nf3 Ba4 39. Nbd2 Bc2 40. Ne1 b3
41. Ndf3 Bf8 42. Kg2 Be7 43. Kf1 Bd8 44. Ke2 Ba5 45. h4 Bb4 46. Nd2 Ke6 47. Ke3
Bd1 48. g5 h5 49. Nef3 Kd7 50. Ng1 Kc6 51. Ne2 Kb6 52. Nc1 Ka6 53. Ne2 Ka5 54.
Nc1 Ka4 55. Ne2 Bxe2 56. Kxe2 Ba3 57. bxa3 Kxa3 58. Kd1 Kb2 59. Nxb3 Kxb3 60.
Kd2 Kb2 61. Kd1 Kc3 62. Ke2 Kc2 63. Ke3 Kd1 64. d4 cxd4+ 65. Kd3 Ke1 66. c5
dxc5 67. Kc4 Ke2 0-1

[Event "SR 3. liga A2 2012/2013"]
[Site "?"]
[Date "2013.02.10"]
[Round "8.1"]
[White "Ocko, Martin"]
[Black "Holicky, Miroslav"]
[Result "0-1"]
[WhiteElo "1661"]
[BlackElo "1750"]
[PlyCount "90"]
[EventDate "2012.??.??"]

1. e4 d5 2. exd5 Qxd5 3. Nc3 Qa5 4. Nf3 Nf6 5. Be2 e5 6. d4 e4 7. Ne5 Be6 8.
O-O c6 9. a3 Bd6 10. Nc4 Bxc4 11. Bxc4 Qc7 12. h3 Nbd7 13. Re1 O-O 14. Nxe4
Nxe4 15. Rxe4 Nf6 16. Re1 Rae8 17. Rxe8 Rxe8 18. Bg5 Ne4 19. Qg4 Bh2+ 20. Kf1
h5 21. Qxh5 Qd7 22. g4 Nxg5 23. Qxg5 Qxd4 24. Bb3 Qe4 25. Bxf7+ Kxf7 26. Qf5+
Qxf5 27. gxf5 Kf6 28. Rd1 Re7 29. Rd8 Kxf5 30. Ra8 a6 31. Rf8+ Ke4 32. f3+ Ke3
33. Kg2 Be5 34. b3 Bf6 35. Rd8 Kf4 36. Rd2 Bc3 37. Rf2 Be1 38. Rf1 Re2+ 39. Kg1
Bh4 40. Rd1 Re1+ 41. Rxe1 Bxe1 42. Kf1 Bc3 43. Kg2 Ke3 44. Kg3 Kd2 45. Kf4 Kxc2
0-1

[Event "SR 3. liga A2 2012/2013"]
[Site "?"]
[Date "2013.02.10"]
[Round "8.1"]
[White "Jancik, Ondrej"]
[Black "Sadlon, Matus"]
[Result "1/2-1/2"]
[WhiteElo "1701"]
[BlackElo "1596"]
[PlyCount "52"]
[EventDate "2012.??.??"]

1. e4 e6 2. d4 d5 3. exd5 exd5 4. Bd3 Nf6 5. Ne2 Be7 6. Bf4 O-O 7. O-O Bg4 8.
Nd2 Nc6 9. c3 Re8 10. Re1 Bd6 11. Bxd6 Qxd6 12. Nf1 Re7 13. h3 Bh5 14. Nfg3 Bg6
15. Nf5 Bxf5 16. Bxf5 Rae8 17. Qd2 Nd8 18. Rad1 Ne6 19. Bb1 h6 20. Ng3 Ng5 21.
Rxe7 Qxe7 22. Qf4 c6 23. Nf5 Qe2 24. Rf1 Nge4 25. Bxe4 Nxe4 26. Qg4 Qxg4
1/2-1/2

[Event "SR 3. liga A2 2012/2013"]
[Site "?"]
[Date "2013.02.10"]
[Round "8.2"]
[White "Malar, Pavol"]
[Black "Pribila, Gerhard"]
[Result "1/2-1/2"]
[WhiteElo "2118"]
[BlackElo "2080"]
[PlyCount "50"]
[EventDate "2012.??.??"]

1. e4 c5 2. Nc3 e6 3. f4 a6 4. a4 Nc6 5. Bc4 g6 6. Nf3 Bg7 7. O-O Nge7 8. d3 d5
9. Bb3 O-O 10. Kh1 b6 11. Bd2 dxe4 12. dxe4 Nd4 13. Nxd4 Bxd4 14. Qe1 Bg7 15.
Rd1 Bb7 16. f5 exf5 17. Bg5 Qc7 18. Qh4 Rfe8 19. Bc4 h5 20. Rd3 Bxc3 21. Rxc3
Bxe4 22. Bxf7+ Kxf7 23. Qxe4 Qc6 24. Qh4 Nd5 25. Rcf3 Qe6 1/2-1/2

[Event "SR 3. liga A2 2012/2013"]
[Site "?"]
[Date "2013.02.10"]
[Round "8.2"]
[White "Bisco, Igor"]
[Black "Kocak, Branislav"]
[Result "1-0"]
[WhiteElo "2143"]
[BlackElo "1891"]
[PlyCount "109"]
[EventDate "2012.??.??"]

1. e4 c5 2. Nf3 d6 3. d4 cxd4 4. Nxd4 a6 5. Nc3 Nf6 6. Bg5 e5 7. Nde2 Be6 8.
Bxf6 Qxf6 9. Nd5 Qd8 10. Nec3 Nd7 11. Bc4 Rc8 12. Bb3 Nc5 13. O-O b5 14. f4
exf4 15. Nxf4 Bc4 16. Bxc4 bxc4 17. Qd5 Qd7 18. Qxc4 Be7 19. Ncd5 Bd8 20. Rf3
O-O 21. Rg3 Ne6 22. Qd3 Qb7 23. b3 Nxf4 24. Nxf4 Bf6 25. Rf1 Be5 26. Rgf3 Rc3
27. Qe2 Qc6 28. Rxc3 Qxc3 29. Nd5 Qb2 30. a4 a5 31. Qc4 Qd4+ 32. Qxd4 Bxd4+ 33.
Kh1 Re8 34. Rf4 f5 35. Rxf5 Rxe4 36. g3 h6 37. Rf3 Re1+ 38. Kg2 Re2+ 39. Kh3
Rxc2 40. Kg4 Rxh2 41. Kf5 Rf2 42. Rxf2 Bxf2 43. g4 Kf7 44. b4 g6+ 45. Ke4 axb4
46. Nxb4 Ke6 47. Nd5 Be1 48. Kd4 Bf2+ 49. Ke4 Bg3 50. a5 Bf2 51. a6 Ba7 52.
Nc7+ Kf6 53. Nb5 d5+ 54. Kxd5 Bf2 55. Nd4 1-0

[Event "SR 3. liga A2 2012/2013"]
[Site "?"]
[Date "2013.02.10"]
[Round "8.2"]
[White "Brunovsky, Peter"]
[Black "Slamena, Michal"]
[Result "1/2-1/2"]
[WhiteElo "1816"]
[BlackElo "1986"]
[PlyCount "111"]
[EventDate "2012.??.??"]

1. d4 Nf6 2. Nf3 e6 3. Bf4 c5 4. e3 Nc6 5. c3 d5 6. Bd3 Bd6 7. Bg3 O-O 8. O-O
Re8 9. Nbd2 e5 10. dxe5 Nxe5 11. Nxe5 Bxe5 12. Rc1 Qa5 13. a3 Bg4 14. Qc2 Rad8
15. Nf3 Bxf3 16. gxf3 d4 17. f4 Bb8 18. Rfe1 dxc3 19. Qxc3 Qxc3 20. Rxc3 b6 21.
Bb5 Re6 22. Rec1 Ne4 23. Rd3 Rxd3 24. Bxd3 Nxg3 25. hxg3 Rd6 26. Bc4 Kf8 27.
Kg2 Rd2 28. b3 Ke7 29. Kf3 f5 30. a4 h6 31. Rh1 Kf6 32. Rh4 Bd6 33. Bb5 Bf8 34.
Rh1 g5 35. fxg5+ hxg5 36. Rh8 g4+ 37. Kg2 Kg7 38. Rh5 Kg6 39. Rh8 Bh6 40. Re8
Kf7 41. Re5 Kf6 42. Re8 Bg7 43. Bc4 Rd6 44. Kf1 Rd7 45. Ke2 Kg6 46. Bd3 Kf7 47.
Rc8 Kg6 48. Rc6+ Bf6 49. a5 Rb7 50. f3 gxf3+ 51. Kxf3 Kg5 52. axb6 axb6 53. e4
fxe4+ 54. Bxe4 Rf7 55. Ke2 Re7 56. Kf3 1/2-1/2

[Event "SR 3. liga A2 2012/2013"]
[Site "?"]
[Date "2013.02.10"]
[Round "8.2"]
[White "Gajarsky, Roman"]
[Black "Valla, Tomas"]
[Result "1-0"]
[WhiteElo "1873"]
[BlackElo "1813"]
[PlyCount "59"]
[EventDate "2012.??.??"]

1. e4 c5 2. f4 g6 3. Nf3 Bg7 4. d3 Nc6 5. g4 d5 6. exd5 Qxd5 7. h3 Nd4 8. Bg2
Qe6+ 9. Kf2 Nh6 10. Nc3 O-O 11. Re1 Qd7 12. Ne5 Qd6 13. Ne4 Qc7 14. c3 Nc6 15.
Nxc6 Qxc6 16. Be3 Qb5 17. Qc2 c4 18. dxc4 Qxc4 19. Nc5 Rb8 20. Qb3 b5 21. Bd5
Qxb3 22. axb3 e6 23. Bf3 b4 24. c4 Bxb2 25. Rxa7 Re8 26. Rd1 Kf8 27. Bc6 Ng8
28. Ne4 Ne7 29. Bc5 Bb7 30. Bxb7 1-0

[Event "SR 3. liga A2 2012/2013"]
[Site "?"]
[Date "2013.02.10"]
[Round "8.2"]
[White "Zajicek, Ferdinand"]
[Black "Barca, Michal"]
[Result "0-1"]
[WhiteElo "1830"]
[BlackElo "1825"]
[PlyCount "86"]
[EventDate "2012.??.??"]

1. e4 d5 2. exd5 Qxd5 3. Nc3 Qd6 4. Nf3 Nf6 5. h3 g6 6. Bc4 Bg7 7. d3 O-O 8.
Be3 c6 9. Qd2 Nd5 10. O-O Nxe3 11. fxe3 b5 12. Bb3 Na6 13. Ne4 Qd8 14. Rf2 h6
15. Nh4 e6 16. Raf1 Qxh4 17. Nd6 Qb4 18. Qxb4 Nxb4 19. Nxf7 Bd7 20. g4 Nd5 21.
g5 h5 22. Nh6+ Bxh6 23. gxh6 Rxf2 24. Rxf2 Nxe3 25. Rf6 Nf5 26. Bxe6+ Bxe6 27.
Rxe6 Rc8 28. Rxg6+ Kf7 29. Rg5 Rg8 30. Rxg8 Kxg8 31. a3 Nxh6 32. c4 Nf5 33. Kf2
Kf7 34. Kf3 Kf6 35. Ke4 Kg5 36. cxb5 cxb5 37. d4 Ne7 38. d5 Kh4 39. d6 Nc6 40.
Kd5 Nd8 41. d7 Kxh3 42. Kd6 Kg4 43. Kc7 Nf7 0-1

[Event "SR 3. liga A2 2012/2013"]
[Site "?"]
[Date "2013.02.10"]
[Round "8.2"]
[White "Janas, Peter"]
[Black "Papanek, Lubomir"]
[Result "1-0"]
[WhiteElo "1756"]
[BlackElo "1590"]
[PlyCount "106"]
[EventDate "2012.??.??"]

1. d4 Nf6 2. Nf3 g6 3. g3 Bg7 4. Bg2 O-O 5. O-O d6 6. c3 Re8 7. Ng5 c6 8. Qb3
e6 9. e4 h6 10. e5 Nfd7 11. Nf3 dxe5 12. dxe5 Qe7 13. Re1 Nc5 14. Qc2 Ncd7 15.
b3 Nb6 16. Ba3 Qc7 17. Bd6 Qd8 18. Nbd2 Bf8 19. Ne4 Kg7 20. Nf6 Bxd6 21. Nxe8+
Qxe8 22. exd6 Qd8 23. Rad1 Qf6 24. c4 N6d7 25. b4 b6 26. Nd4 Bb7 27. Nb5 Na6
28. Nc7 Rc8 29. Nxa6 Bxa6 30. Qa4 Bxc4 31. Qxa7 Qd8 32. Rd2 Bd5 33. Bxd5 cxd5
34. Qa3 Nf6 35. b5 Rc5 36. Qb2 Qxd6 37. h4 Qd8 38. Kg2 Kg8 39. Kg1 Ne4 40. Rxe4
Qc8 41. Re1 Rc3 42. Ree2 Qc5 43. Rc2 d4 44. Rxc3 dxc3 45. Qb3 Qd5 46. Rc2 Qd1+
47. Kh2 g5 48. Rxc3 Qd4 49. Rc8+ Kh7 50. Qc2+ f5 51. h5 Qd6 52. Qc7+ Qxc7 53.
Rxc7+ Kg8 1-0

[Event "SR 3. liga A2 2012/2013"]
[Site "?"]
[Date "2013.02.10"]
[Round "8.2"]
[White "Kanka, Tomas"]
[Black "Drgon, Matus"]
[Result "1/2-1/2"]
[WhiteElo "1435"]
[BlackElo "1643"]
[PlyCount "73"]
[EventDate "2012.??.??"]

1. e4 c5 2. c3 Nc6 3. Nf3 Nf6 4. e5 Nd5 5. d4 cxd4 6. cxd4 e6 7. a3 Qa5+ 8. Bd2
Bb4 9. Be2 Bxd2+ 10. Nbxd2 O-O 11. O-O f6 12. Nc4 Qc7 13. Rc1 b5 14. Nd6 a6 15.
a4 Nf4 16. Re1 bxa4 17. Qxa4 Bb7 18. Bf1 Ng6 19. Qb3 Rab8 20. d5 Ngxe5 21. dxe6
Qxd6 22. e7+ Rf7 23. Nxe5 Nxe5 24. Qxb7 Rxe7 25. Rc8+ Rxc8 26. Qxc8+ Kf7 27.
Kh1 Qb4 28. Rb1 Qf4 29. Qxa6 Qxf2 30. Bc4+ Nxc4 31. Qxc4+ Re6 32. b4 Ke7 33. h3
Re2 34. Qg4 Re1+ 35. Rxe1+ Qxe1+ 36. Kh2 Qe5+ 37. Kg1 1/2-1/2

[Event "SR 3. liga A2 2012/2013"]
[Site "?"]
[Date "2013.02.10"]
[Round "8.3"]
[White "Stanec, Stanislav"]
[Black "Horak, Ivan"]
[Result "1-0"]
[WhiteElo "2192"]
[BlackElo "2094"]
[PlyCount "85"]
[EventDate "2012.??.??"]

1. e4 e5 2. Nf3 Nc6 3. Bb5 a6 4. Ba4 Nf6 5. d3 d6 6. h3 Be7 7. Nc3 b5 8. Bb3
Na5 9. O-O O-O 10. Re1 c5 11. Nd5 Nxb3 12. Nxe7+ Qxe7 13. axb3 h6 14. Bd2 Nh7
15. b4 Ng5 16. Nxg5 hxg5 17. Re3 Qe8 18. Rg3 f6 19. bxc5 dxc5 20. Be3 c4 21. d4
exd4 22. Qxd4 Bb7 23. e5 Qxe5 24. Qxe5 fxe5 25. Rxg5 e4 26. Bd4 Rf7 27. c3 Re8
28. Re1 Ree7 29. Re3 Rd7 30. Reg3 b4 31. Rc5 bxc3 32. bxc3 Rc7 33. Rcg5 Bc6 34.
h4 Ba4 35. h5 Kh7 36. Rg6 Rc6 37. Rxg7+ Rxg7 38. Rxg7+ Kh6 39. g4 Bc2 40. Kg2
Rd6 41. Rc7 Kg5 42. Kg3 a5 43. Rc5+ 1-0

[Event "SR 3. liga A2 2012/2013"]
[Site "?"]
[Date "2013.02.10"]
[Round "8.3"]
[White "Sefcik, Marek"]
[Black "Strakac, Petr"]
[Result "1/2-1/2"]
[WhiteElo "2021"]
[BlackElo "2066"]
[PlyCount "69"]
[EventDate "2012.??.??"]

1. d4 Nf6 2. Nf3 g6 3. Bf4 Bg7 4. e3 O-O 5. Be2 d6 6. Nc3 Nbd7 7. h4 c5 8. Qd2
a6 9. Ng5 b5 10. Bf3 Rb8 11. Nge4 cxd4 12. exd4 Re8 13. O-O Nb6 14. Rad1 Qc7
15. Bg5 Nc4 16. Qc1 Bb7 17. b3 Nxe4 18. Nxe4 Nb6 19. c3 Rbc8 20. Rd3 f5 21. Ng3
Bxf3 22. Rxf3 e5 23. dxe5 dxe5 24. Rd3 e4 25. Bf4 Be5 26. Bxe5 Qxe5 27. Rd4 Nd5
28. Qd2 Nxc3 29. Rc1 b4 30. Rxb4 Red8 31. Qh6 Qg7 32. Qxg7+ Kxg7 33. Rb7+ Kh6
34. Rc2 Rd1+ 35. Kh2 1/2-1/2

[Event "SR 3. liga A2 2012/2013"]
[Site "?"]
[Date "2013.02.10"]
[Round "8.3"]
[White "Berger, Patrik"]
[Black "Kovarik, Oto"]
[Result "1-0"]
[WhiteElo "1930"]
[BlackElo "1979"]
[PlyCount "77"]
[EventDate "2012.??.??"]

1. e4 c5 2. Nf3 e6 3. d4 cxd4 4. Nxd4 a6 5. Bd3 Nc6 6. Nxc6 bxc6 7. Nc3 d5 8.
O-O d4 9. Nb1 Be7 10. e5 f5 11. c3 Bc5 12. Qf3 Ne7 13. Bg5 O-O 14. c4 Qc7 15.
Re1 Ng6 16. h4 h6 17. Bd2 Nxe5 18. Qg3 Bd6 19. c5 Bxc5 20. Qxe5 Qxe5 21. Rxe5
Bd6 22. Re2 e5 23. Bc4+ Kh7 24. f3 Re8 25. Bf4 Bd7 26. Bg3 Bb8 27. Nd2 a5 28.
Rae1 f4 29. Bxf4 e4 30. Bxb8 Raxb8 31. Nxe4 Rf8 32. Rd1 Bf5 33. Rxd4 Rbd8 34.
Red2 Rxd4 35. Rxd4 a4 36. Kf2 Rb8 37. b3 axb3 38. Bxb3 Rc8 39. Nd6 1-0

[Event "SR 3. liga A2 2012/2013"]
[Site "?"]
[Date "2013.02.10"]
[Round "8.3"]
[White "Holiencin, Filip"]
[Black "Hudacek, Josef"]
[Result "0-1"]
[WhiteElo "1680"]
[BlackElo "2067"]
[PlyCount "76"]
[EventDate "2012.??.??"]

1. d4 Nf6 2. c4 g6 3. Nc3 d5 4. Nf3 Bg7 5. e3 O-O 6. Qb3 c6 7. cxd5 cxd5 8. Bd3
Nc6 9. O-O b6 10. Bd2 Bb7 11. Rac1 e6 12. a3 Ne8 13. Ne2 Nd6 14. Qc2 Rc8 15.
Qb1 Nc4 16. Qa2 Nxd2 17. Nxd2 e5 18. dxe5 Nxe5 19. Bb5 a6 20. Ba4 Nc4 21. b4 b5
22. Bb3 Qe7 23. Nd4 Nxe3 24. Rxc8 Rxc8 25. Re1 Bxd4 26. Nf1 Qg5 27. Nxe3 Re8
28. Qd2 Bxe3 29. Rxe3 Rxe3 30. fxe3 d4 31. Qf2 Qxe3 32. Bxf7+ Kg7 33. Qxe3 dxe3
34. Bb3 Kf6 35. Bd1 Ke5 36. Kf1 Kd4 37. a4 Kc3 38. g3 Kd2 0-1

[Event "SR 3. liga A2 2012/2013"]
[Site "?"]
[Date "2013.02.10"]
[Round "8.3"]
[White "Kubis, Ivan"]
[Black "Husek, Lubomir"]
[Result "0-1"]
[WhiteElo "2013"]
[BlackElo "1809"]
[PlyCount "70"]
[EventDate "2012.??.??"]

1. e4 d6 2. d4 Nf6 3. Nc3 g6 4. f4 Bg7 5. Nf3 O-O 6. Bd3 c5 7. d5 Nbd7 8. O-O
Nb6 9. h3 e6 10. dxe6 Bxe6 11. a4 Rc8 12. a5 c4 13. Be2 Na8 14. Be3 b6 15. axb6
axb6 16. Nd4 Qe7 17. Bf3 Bd7 18. Ra7 Rc7 19. Qa1 Rxa7 20. Qxa7 Qd8 21. Ra1 Nh5
22. e5 dxe5 23. fxe5 Nc7 24. Qxb6 Bxe5 25. Qc5 Qf6 26. Ne4 Qg7 27. Ra5 Re8 28.
Qxc4 Ng3 29. Nxg3 Bxg3 30. Bd2 Qf6 31. Ra7 Be6 32. Nxe6 Nxe6 33. Bc3 Be5 34.
Ra3 Nd4 35. Qd3 Qf4 0-1

[Event "SR 3. liga A2 2012/2013"]
[Site "?"]
[Date "2013.02.10"]
[Round "8.3"]
[White "Hrubos, Milan"]
[Black "Vepy, Ivan"]
[Result "1/2-1/2"]
[WhiteElo "1786"]
[BlackElo "1921"]
[PlyCount "89"]
[EventDate "2012.??.??"]

1. e4 e5 2. Nf3 Nc6 3. Bb5 a6 4. Ba4 b5 5. Bb3 d6 6. Bd5 Bb7 7. d4 Nf6 8. Bg5
Be7 9. Bxf6 Bxf6 10. dxe5 dxe5 11. O-O O-O 12. Qd2 Rb8 13. a4 Nd4 14. Nxd4 Bxd5
15. exd5 exd4 16. axb5 axb5 17. Ra7 Qd6 18. Qa5 Rfc8 19. Na3 Bd8 20. Re1 h6 21.
Re8+ Kh7 22. Qe1 Qxd5 23. Re5 Qc6 24. Ra5 Bf6 25. Rexb5 Rxb5 26. Rxb5 Re8 27.
Qd1 Be7 28. h3 Bd6 29. g3 g6 30. Rb3 Bxa3 31. Rxa3 Qc4 32. Rd3 c5 33. c3 Re1+
34. Qxe1 Qxd3 35. cxd4 cxd4 36. b4 Qf3 37. Qd2 d3 38. Qa2 Kg8 39. Qa5 Qe4 40.
Qd8+ Kg7 41. b5 Qe1+ 42. Kg2 d2 43. Qd4+ Kg8 44. Qd8+ Kh7 45. Qd5 1/2-1/2

[Event "SR 3. liga A2 2012/2013"]
[Site "?"]
[Date "2013.02.10"]
[Round "8.3"]
[White "Hrubsa, Marian"]
[Black "Benak, Peter"]
[Result "1-0"]
[WhiteElo "1820"]
[BlackElo "1594"]
[PlyCount "63"]
[EventDate "2012.??.??"]

1. e4 Nf6 2. e5 Nd5 3. d4 d6 4. c4 Nb6 5. f4 dxe5 6. fxe5 Nc6 7. Nf3 Bg4 8. Be3
e6 9. a3 Be7 10. Be2 O-O 11. O-O Bxf3 12. Rxf3 f6 13. Bd3 fxe5 14. Bxh7+ Kh8
15. Rh3 Bg5 16. Bg6+ Kg8 17. Qh5 Bxe3+ 18. Rxe3 Rf6 19. Qh7+ Kf8 20. Qh8+ Ke7
21. Qxg7+ Kd6 22. c5+ Kd5 23. Nc3+ Kc4 24. b3+ Kxb3 25. Ne2+ Ka4 26. dxe5 Rf8
27. cxb6 axb6 28. Qh6 Rh8 29. Qf4+ Ka5 30. Bd3 Qd5 31. Rb1 Qd8 32. Qc4 1-0

[Event "SR 3. liga A2 2012/2013"]
[Site "?"]
[Date "2013.02.10"]
[Round "8.3"]
[White "Klimes, Karel"]
[Black "Harasta, Juraj"]
[Result "0-1"]
[WhiteElo "1724"]
[BlackElo "1698"]
[PlyCount "58"]
[EventDate "2012.??.??"]

1. e4 e5 2. Nf3 Nc6 3. Bc4 Bc5 4. c3 d6 5. d3 Bg4 6. Bg5 Nge7 7. Nbd2 O-O 8.
O-O a6 9. Qc2 Bb6 10. b4 Kh8 11. a3 f6 12. Bh4 Ng6 13. Bg3 f5 14. exf5 Bxf5 15.
Bd5 Qd7 16. Nc4 Ba7 17. Ne3 Nge7 18. Nh4 Nxd5 19. Nhxf5 Nce7 20. Nxd5 Nxf5 21.
Qd2 Nxg3 22. hxg3 Qf7 23. Ne3 Qh5 24. f3 Rf6 25. d4 exd4 26. cxd4 Qg5 27. Qd3
Qxg3 28. Ng4 Rf4 29. Rac1 Rxd4 0-1

[Event "SR 3. liga A2 2012/2013"]
[Site "?"]
[Date "2013.02.10"]
[Round "8.4"]
[White "Gasa, Andrej"]
[Black "Kovacocy, Pavel"]
[Result "1/2-1/2"]
[WhiteElo "2282"]
[BlackElo "2221"]
[PlyCount "85"]
[EventDate "2012.??.??"]

1. e4 g6 2. d4 Bg7 3. Nc3 c5 4. Nf3 Qa5 5. Be3 Nf6 6. Qd2 cxd4 7. Nxd4 Nc6 8.
Nb3 Qc7 9. Bh6 Bxh6 10. Qxh6 d5 11. exd5 Qe5+ 12. Qe3 Qxe3+ 13. fxe3 Nb4 14.
Bb5+ Kf8 15. O-O-O Bf5 16. Nd4 Be4 17. Nxe4 Nxe4 18. Rhf1 Kg7 19. Bc4 Rac8 20.
Bb3 Nc5 21. c3 Rhd8 22. cxb4 Nxb3+ 23. Kb1 Nxd4 24. Rxd4 f5 25. b3 Rd6 26. Kb2
Rcd8 27. Rfd1 Kf6 28. Kc3 b5 29. e4 fxe4 30. Rxe4 Rxd5 31. Rf1+ Rf5 32. Rfe1 e5
33. a4 a6 34. R1e2 Rd5 35. axb5 axb5 36. Ra2 Rf4 37. Ree2 h5 38. Ra8 Kf7 39.
Rc8 Rf6 40. Rc7+ Ke6 41. Rc6+ Ke7 42. Rc7+ Kd6 43. Ra7 1/2-1/2

[Event "SR 3. liga A2 2012/2013"]
[Site "?"]
[Date "2013.02.10"]
[Round "8.4"]
[White "Liptak, Tomas"]
[Black "Sebesta, Radovan"]
[Result "1-0"]
[WhiteElo "2082"]
[BlackElo "2061"]
[PlyCount "47"]
[EventDate "2012.??.??"]

1. e4 c5 2. c4 Nc6 3. f4 g6 4. Nf3 Bg7 5. Nc3 d6 6. d3 e6 7. Be3 Nge7 8. Qd2
O-O 9. d4 Qa5 10. Be2 Rd8 11. d5 exd5 12. cxd5 Nb4 13. O-O Bg4 14. a3 Na6 15.
Rad1 Re8 16. h3 Bd7 17. g4 Nc8 18. Bd3 Nb6 19. f5 c4 20. Bc2 Nc5 21. Bd4 Bf8
22. Qg5 Be7 23. Qh6 Bf8 24. Qh4 1-0

[Event "SR 3. liga A2 2012/2013"]
[Site "?"]
[Date "2013.02.10"]
[Round "8.4"]
[White "Gasa, Patrik"]
[Black "Liptak, Dusan"]
[Result "0-1"]
[WhiteElo "1906"]
[BlackElo "2060"]
[PlyCount "58"]
[EventDate "2012.??.??"]

1. d4 Nf6 2. c4 g6 3. Nc3 d5 4. cxd5 Nxd5 5. Na4 Bg7 6. e4 Nb4 7. Be3 Bxd4 8.
Bxd4 Qxd4 9. Nc3 Qxd1+ 10. Rxd1 Be6 11. a3 N4a6 12. Nge2 Bb3 13. Rd2 e5 14. Nc1
Be6 15. Nd3 Nd7 16. b4 c6 17. Nb2 Nc7 18. Bc4 Nb6 19. Bxe6 Nxe6 20. a4 a5 21.
b5 Ke7 22. Ke2 Rhd8 23. Rhd1 Rxd2+ 24. Rxd2 Nd4+ 25. Ke3 cxb5 26. Nxb5 Nxb5 27.
axb5 a4 28. Rd1 Ra5 29. Ra1 Rxb5 0-1

[Event "SR 3. liga A2 2012/2013"]
[Site "?"]
[Date "2013.02.10"]
[Round "8.4"]
[White "Sarmir, Milos"]
[Black "Lanik, Miroslav"]
[Result "0-1"]
[WhiteElo "2067"]
[BlackElo "1945"]
[PlyCount "60"]
[EventDate "2012.??.??"]

1. d4 d5 2. c4 c6 3. Nc3 Nf6 4. e3 e6 5. Bd3 Nbd7 6. Nf3 dxc4 7. Bxc4 b5 8. Bd3
Bd6 9. O-O O-O 10. e4 e5 11. Bg5 Bb7 12. d5 cxd5 13. Nxb5 Nc5 14. Bc2 Ba6 15.
Nxd6 Bxf1 16. Nxf7 Rxf7 17. Qxf1 Qd6 18. exd5 e4 19. Nd2 Ng4 20. f4 exf3 21.
Nxf3 Rxf3 22. Qxf3 Qxh2+ 23. Kf1 Rf8 24. Bf5 Qh1+ 25. Ke2 Qxa1 26. Qxg4 Qxb2+
27. Kd1 Qe5 28. Be6+ Kh8 29. Bd2 Ne4 30. Kc2 Rf2 0-1

[Event "SR 3. liga A2 2012/2013"]
[Site "?"]
[Date "2013.02.10"]
[Round "8.4"]
[White "Palka, Martin"]
[Black "Vagovsky, Jozef"]
[Result "1-0"]
[WhiteElo "1884"]
[BlackElo "1971"]
[PlyCount "47"]
[EventDate "2012.??.??"]

1. e4 e5 2. Nf3 Nf6 3. Nxe5 d6 4. Nf3 Nxe4 5. Nc3 Nf6 6. d4 Be7 7. Bd3 O-O 8.
h3 Nc6 9. a3 Be6 10. Be3 Qd7 11. d5 Bxd5 12. Nxd5 Nxd5 13. Bxh7+ Kxh7 14. Qxd5
Bf6 15. Qh5+ Kg8 16. O-O-O g6 17. Qh6 Bg7 18. Qh4 Qe7 19. Ng5 Rfe8 20. Qh7+ Kf8
21. Nf3 Qf6 22. c3 Re4 23. Bh6 Rae8 24. Qh8+ 1-0

[Event "SR 3. liga A2 2012/2013"]
[Site "?"]
[Date "2013.02.10"]
[Round "8.4"]
[White "Markuliak, Mario"]
[Black "Palka, Miroslav"]
[Result "0-1"]
[WhiteElo "1808"]
[BlackElo "1924"]
[PlyCount "122"]
[EventDate "2012.??.??"]

1. c4 c5 2. Nf3 g6 3. d4 cxd4 4. Nxd4 Bg7 5. Nc3 Nf6 6. e4 O-O 7. Be2 Nc6 8.
Be3 d6 9. O-O a6 10. Nb3 Na5 11. Nd4 Bd7 12. Rc1 Nc6 13. Nb3 Rc8 14. f4 Na5 15.
Nd2 Be6 16. b3 Nc6 17. g4 Qa5 18. f5 Bd7 19. g5 Ne8 20. Nd5 Qxa2 21. f6 exf6
22. gxf6 Nxf6 23. Nxf6+ Bxf6 24. Rxf6 Be6 25. Bh6 Qb2 26. Bxf8 Qxf6 27. e5 Qg5+
28. Kh1 Rxf8 29. Nf3 Qe3 30. exd6 Bh3 31. Ng1 Bf5 32. Bf3 Be4 33. Bxe4 Qxe4+
34. Qf3 Qxf3+ 35. Nxf3 f6 36. Re1 Kf7 37. b4 Rd8 38. Rd1 Nxb4 39. Rb1 a5 40. c5
Ke6 41. Ra1 Nc6 42. Rb1 Rb8 43. Rd1 Kd7 44. Rb1 Nb4 45. Nd4 b6 46. cxb6 Rxb6
47. Rf1 Rxd6 48. Nb3 Nc6 49. Nc5+ Ke7 50. Rb1 Rd5 51. Rb7+ Kd6 52. Ne4+ Ke5 53.
Nc3 Rc5 54. Na4 Rc1+ 55. Kg2 h5 56. Rc7 Rc2+ 57. Kg1 Kf4 58. Rf7 f5 59. Rd7 Ne5
60. Rd1 Nf3+ 61. Kf1 Nxh2+ 0-1

[Event "SR 3. liga A2 2012/2013"]
[Site "?"]
[Date "2013.02.10"]
[Round "8.4"]
[White "Havlicek, Peter"]
[Black "Vlkovic, Pavol"]
[Result "1-0"]
[WhiteElo "1843"]
[BlackElo "1801"]
[PlyCount "115"]
[EventDate "2012.??.??"]

1. e4 Nf6 2. Nc3 d6 3. d4 Nbd7 4. Nf3 e5 5. Bc4 Be7 6. O-O O-O 7. Re1 c6 8.
dxe5 dxe5 9. h3 Qc7 10. Be3 Nc5 11. Bxc5 Bxc5 12. Qe2 b5 13. Bb3 a5 14. a3 Ba6
15. Qd2 h6 16. Rad1 Rad8 17. Qc1 Nh5 18. Rxd8 Rxd8 19. Nd1 Nf4 20. Kh2 Bc8 21.
Ne3 Qe7 22. Rd1 Rxd1 23. Nxd1 Qf6 24. Ng1 Bb6 25. Qd2 g5 26. g3 Ng6 27. Ne3 h5
28. c3 h4 29. Bd1 hxg3+ 30. fxg3 Qd8 31. Qxd8+ Bxd8 32. Nf3 a4 33. c4 Bb6 34.
Nf5 f6 35. Nd6 Bd7 36. cxb5 cxb5 37. Be2 b4 38. axb4 g4 39. hxg4 Bxg4 40. Kg2
Be6 41. Bb5 Bb3 42. Bc4+ Kf8 43. Bxb3 axb3 44. Nd2 Bd8 45. b5 Ke7 46. N6c4 Kd7
47. Nxb3 Ne7 48. Nc5+ Kc8 49. b4 Bc7 50. Kf2 f5 51. exf5 Nxf5 52. g4 Ne7 53. g5
Nd5 54. g6 Ne7 55. g7 Ng8 56. Ke3 Nf6 57. b6 Bb8 58. b5 1-0

[Event "SR 3. liga A2 2012/2013"]
[Site "?"]
[Date "2013.02.10"]
[Round "8.4"]
[White "Hornak, Pavol"]
[Black "Fidericky, Milan"]
[Result "1-0"]
[WhiteElo "1753"]
[BlackElo "1835"]
[PlyCount "110"]
[EventDate "2012.??.??"]

1. d4 d5 2. c4 e6 3. Nf3 Nf6 4. g3 dxc4 5. Qa4+ Bd7 6. Qxc4 Bc6 7. Bg2 Nbd7 8.
O-O Be7 9. Nc3 O-O 10. b3 Nb6 11. Qd3 Bb4 12. a3 Bxc3 13. Qxc3 h6 14. Bb2 Ne4
15. Qc2 Nd6 16. Rac1 Rc8 17. Rfe1 Be4 18. Qd2 c6 19. Red1 Nd5 20. Ne1 Bxg2 21.
Nxg2 Qf6 22. e3 Qf3 23. Nh4 Qe4 24. Re1 g5 25. f3 Qh7 26. Ng2 f5 27. Qd3 Nf6
28. h3 Rc7 29. Rc2 Rd7 30. Rce2 Qf7 31. Rf2 Qg6 32. Kh2 Qh7 33. Rh1 h5 34. Kg1
Qf7 35. Qc2 Qh7 36. Ne1 Nd5 37. Re2 Rc8 38. Rhh2 Kf7 39. Nd3 Kg8 40. Ne5 Rdd8
41. Rhg2 Nf7 42. Nd3 b6 43. e4 fxe4 44. Rxe4 Qf5 45. Qf2 Nd6 46. Qe2 Nxe4 47.
fxe4 Qxh3 48. exd5 Rxd5 49. Nf2 Qf5 50. Qxh5 Qb1+ 51. Kh2 Qf5 52. Ng4 Qf8 53.
Rf2 Rf5 54. Nh6+ Kg7 55. Nxf5+ exf5 1-0

[Event "SR 3. liga A2 2012/2013"]
[Site "?"]
[Date "2013.02.10"]
[Round "8.5"]
[White "Jablonicky, Frantisek"]
[Black "Bincik, Pavol"]
[Result "1/2-1/2"]
[WhiteElo "2173"]
[BlackElo "1937"]
[PlyCount "86"]
[EventDate "2012.??.??"]

1. Nf3 d5 2. d4 c6 3. c4 Nf6 4. Nbd2 Bf5 5. g3 e6 6. Nh4 Bg4 7. Qb3 Qb6 8. h3
Bh5 9. g4 Bg6 10. Nxg6 hxg6 11. Qxb6 axb6 12. Bg2 Bb4 13. cxd5 exd5 14. O-O O-O
15. a3 Re8 16. e3 Nbd7 17. Rb1 Bd6 18. Re1 b5 19. f3 b4 20. axb4 Bxb4 21. Re2
Nb6 22. Nb3 Nc4 23. e4 Ra2 24. Kf1 Na5 25. Nxa5 Rxa5 26. e5 Nd7 27. f4 f5 28.
Be3 Nf8 29. Bf3 Rea8 30. Kf2 Ra1 31. Rxa1 Rxa1 32. h4 Kf7 33. h5 fxg4 34. Bxg4
gxh5 35. Bxh5+ g6 36. Bg4 Ne6 37. Kf3 Rf1+ 38. Rf2 Rxf2+ 39. Kxf2 Ba5 40. Kf3
Bb6 41. Bxe6+ Kxe6 42. Kg4 Bd8 43. b3 Be7 1/2-1/2